| 000 | 00355nam a22001457a 4500 | ||
|---|---|---|---|
| 003 | SGT | ||
| 020 | _a81-86270-23-X | ||
| 082 |
_a612.015 _bRAO |
||
| 100 | _aRAO, DR. G. DEVALA | ||
| 245 | _aA TEXTBOOK OF APPLIED BIOCHEMISTRY & CLINICAL PATHOLOGY | ||
| 260 |
_aINDIA _bBIRLA PUB. _c2027 |
||
| 300 | _a297 | ||
| 650 | _aBIOCHEMISTRY | ||
| 942 |
_2ddc _cBK |
||
| 999 |
_c32930 _d32930 |
||